00376nam a2200145Ia 4500008004100000020001600041041001200057082001600069100001200085245006400097260003300161300001000194650001400204700001200218221030s9999 xx 000 0 und d a08125907890 aEnglish a105.23bLeo aA. Leon 0aFundamentals of Information Technologycby A. Leon, M. Leon bVikas Pub HouseaDelhic2006 a36.12 aComputers aM. Leon